| 000 | 01802nam a2200481 i 4500 | ||
|---|---|---|---|
| 001 | 10723 | ||
| 003 | KOSZ 005 | ||
| 005 | 20200507124135.0 | ||
| 008 | 200507s1957 pl a f 000 0 pol | ||
| 015 | _aPB 1958/687 | ||
| 035 | _a991045991469705066 | ||
| 035 | _a(PL-WaBN)b22617024-48omnis_nlop | ||
| 035 | _ab22617024 | ||
| 035 | _a(OCoLC)812691006 | ||
| 035 | _a(PL)b0000002261702 | ||
| 035 | _a(EXLNZ-48OMNIS_NETWORK)9910286646005606 | ||
| 040 |
_aWA N _cWA N _dKOSZ 005/RW |
||
| 046 | _k1957 | ||
| 080 | _a691 | ||
| 080 | _a725.1:66/69 | ||
| 100 | 1 |
_aDowgird, Roman _d(1902-1985) _eAutor |
|
| 245 | 1 | 0 |
_aPrefabrykacja w budownictwie przemysłowym / _cRoman Dowgird. |
| 260 |
_aWarszawa : _bArkady, _c1957. |
||
| 300 |
_a351, [1] stron : _bilustracje, errata ; _c25 cm. |
||
| 336 |
_aTekst _btxt _2rdacontent |
||
| 337 |
_aBez urządzenia pośredniczącego _bn _2rdamedia |
||
| 338 |
_aWolumin _bnc _2rdacarrier |
||
| 380 | _aKsiążki | ||
| 380 | _aPublikacje fachowe | ||
| 380 | _aPublikacje dydaktyczne | ||
| 388 | _a1901-2000 | ||
| 388 | _a1945-1989 | ||
| 504 | _aBibliografia na stronach 351-[352]. | ||
| 521 | 8 | _aKsiążka jest przeznaczona dla inżynierów i techników budowlanych, zatrudnionych w biurach projektowych oraz w wykonawstwie. Poza tym może ona być wykorzystywana jako literatura pomocnicza na Wydziałach Budownictwa Lądowego i Przemysłowego. | |
| 650 | 7 |
_aBudownictwo przemysłowe _2DBN |
|
| 650 | 7 |
_aPrefabrykaty _2DBN |
|
| 655 | 7 |
_aPodręczniki akademickie _2DBN |
|
| 658 | _aArchitektura i budownictwo | ||
| 710 | 2 |
_aWydawnictwo Arkady _4pbl |
|
| 856 |
_uhttp://koha.tu.koszalin.pl/cgi-bin/koha/opac-detail.pl?biblionumber=10723 _yKatalog online BPK |
||
| 942 |
_2UKD _cKS |
||
| 999 |
_c10723 _d10723 |
||